[Event "UKR Summer Youth Games"]
[Site "Evpatoria"]
[Date "2002.05.16"]
[Round "4"]
[White "Andreev, Eduard"]
[Black "Karjakin, Sergey"]
[Result "1/2-1/2"]
[WhiteElo "2441"]
[BlackElo "2460"]
[PlyCount "39"]
[EventDate "2002.05.13"]
[EventType "swiss"]
[EventRounds "9"]
[EventCountry "UKR"]
[SourceTitle "EXT 2003"]
[Source "ChessBase"]
[SourceDate "2002.11.25"]
[SourceVersion "1"]
[SourceVersionDate "2002.11.25"]
[SourceQuality "1"]

1. e4 d6 2. d4 Nf6 3. Nc3 g6 4. f4 Bg7 5. Nf3 c5 6. Bb5+ Bd7 7. e5 Ng4 8. Bxd7+
Qxd7 9. d5 dxe5 10. h3 e4 11. Nxe4 Nf6 12. Nxf6+ Bxf6 13. O-O O-O 14. Be3 Bxb2
15. Ne5 Qc7 16. Rb1 Bd4 17. Bxd4 cxd4 18. Qxd4 Nd7 19. c4 Rac8 20. Nxd7 1/2-1/2

[Event "UKR Summer Youth Games"]
[Site "Evpatoria"]
[Date "2002.05.18"]
[Round "6"]
[White "Gordenko, Dmitry"]
[Black "Karjakin, Sergey"]
[Result "1/2-1/2"]
[WhiteElo "2352"]
[BlackElo "2460"]
[PlyCount "171"]
[EventDate "2002.05.13"]
[EventType "swiss"]
[EventRounds "9"]
[EventCountry "UKR"]
[SourceTitle "EXT 2003"]
[Source "ChessBase"]
[SourceDate "2002.11.25"]
[SourceVersion "1"]
[SourceVersionDate "2002.11.25"]
[SourceQuality "1"]

1. d4 d5 2. c4 dxc4 3. Nf3 Nf6 4. e3 e6 5. Bxc4 a6 6. O-O c5 7. b3 Nbd7 8. Bb2
Be7 9. Nbd2 O-O 10. Be2 b5 11. a4 b4 12. Nc4 Bb7 13. Rc1 Nd5 14. Nfe5 N7f6 15.
Bf3 Rc8 16. Qd2 cxd4 17. Bxd4 Bc5 18. Bxc5 Rxc5 19. Nd3 Rc7 20. Nxb4 Nxb4 21.
Qxb4 Bxf3 22. gxf3 Nd5 23. Qd6 Qg5+ 24. Qg3 Qf6 25. Ne5 Nc3 26. Rxc3 Rxc3 27.
Nd7 Qe7 28. Nxf8 Qxf8 29. Rb1 a5 30. Qg5 Rc5 31. Qf4 g6 32. b4 axb4 33. Rxb4 e5
34. Qe4 Qe8 35. Qb1 Qc6 36. Qe4 Qd7 37. Kg2 Kg7 38. Rc4 Ra5 39. Qc2 h5 40. h3
Qe7 41. Qb3 Qg5+ 42. Kh2 Rd5 43. Rc7 Qh4 44. Kg2 Qg5+ 45. Kh1 Qd8 46. Kh2 Qxc7
47. Qxd5 Qc2 48. Qxe5+ Kh7 49. Kg3 Qxa4 50. Qf6 Qd7 51. f4 Kg8 52. f5 gxf5 53.
Kf4 Qd2 54. Qg5+ Kf8 55. Kg3 Qd5 56. Qxh5 f4+ 57. Kh4 Qd6 58. e4 Qe7+ 59. Kg4
Qxe4 60. Qh6+ Ke7 61. Qxf4 Qg2+ 62. Kh4 f6 63. f3 Kf7 64. Qc4+ Kf8 65. Qc8+ Kf7
66. Qd7+ Kf8 67. Qg4 Qc2 68. f4 Qh7+ 69. Qh5 Qe4 70. Qg4 Qh7+ 71. Kg3 Qd3+ 72.
Qf3 Qg6+ 73. Kh2 Qc2+ 74. Qg2 Qc4 75. Qf2 Kf7 76. h4 Qd5 77. Qg2 Qd4 78. Qf3
Qd2+ 79. Kh3 Qd7+ 80. Kg3 Qd2 81. h5 Qe1+ 82. Kh3 Qa5 83. Qg4 Qc3+ 84. Qg3 Qc2
85. Kh4 Qe4 86. Qg6+ 1/2-1/2

[Event "UKR Summer Youth Games"]
[Site "Evpatoria"]
[Date "2002.05.19"]
[Round "7"]
[White "Karjakin, Sergey"]
[Black "Luzhinsky, Vitaly"]
[Result "1-0"]
[WhiteElo "2460"]
[BlackElo "2323"]
[PlyCount "119"]
[EventDate "2002.05.13"]
[EventType "swiss"]
[EventRounds "9"]
[EventCountry "UKR"]
[SourceTitle "EXT 2003"]
[Source "ChessBase"]
[SourceDate "2002.11.25"]
[SourceVersion "1"]
[SourceVersionDate "2002.11.25"]
[SourceQuality "1"]

1. e4 c5 2. Nf3 d6 3. d4 cxd4 4. Nxd4 Nf6 5. Nc3 a6 6. Be2 e6 7. O-O Be7 8. a4
Nc6 9. Be3 O-O 10. f4 Qc7 11. Kh1 Re8 12. Bf3 e5 13. Nde2 exf4 14. Nxf4 Be6 15.
Nxe6 fxe6 16. Ne2 Rac8 17. b3 b5 18. axb5 axb5 19. Qd2 Bf8 20. Rfc1 Qb8 21. Nd4
Ne5 22. Bg5 Qb7 23. Qe2 b4 24. Bxf6 gxf6 25. Bh5 Re7 26. Bg4 Rce8 27. Bh3 d5
28. exd5 Qxd5 29. Rd1 Qc5 30. Ra6 f5 31. g4 fxg4 32. Bxg4 Nxg4 33. Qxg4+ Rg7
34. Qe4 Qh5 35. Re1 Rg4 36. Qf3 e5 37. Re6 e4 38. R1xe4 Rxe6 39. Qxg4+ Qxg4 40.
Rxg4+ Rg6 41. Re4 Bc5 42. Nf3 Kg7 43. Rc4 Bd6 44. Nd4 Kf7 45. Nc6 Rh6 46. h4
Bg3 47. Kg2 Bxh4 48. Nxb4 Be7 49. Nd3 Rb6 50. Nf4 Rb4 51. Rxb4 Bxb4 52. Kf3 Bd2
53. c4 Ke7 54. Ke4 Kd6 55. Nd3 Bg5 56. b4 h5 57. b5 h4 58. c5+ Kc7 59. Nf4 Be7
60. Nd5+ 1-0

[Event "FIDE GP"]
[Site "Moscow"]
[Date "2002.06.01"]
[Round "1.2"]
[White "Karjakin, Sergey"]
[Black "Smirin, Ilia"]
[Result "0-1"]
[WhiteElo "2489"]
[BlackElo "2685"]
[Annotator "Lukacs,P"]
[PlyCount "277"]
[EventDate "2002.06.01"]
[EventType "k.o. (rapid)"]
[EventRounds "5"]
[EventCountry "RUS"]
[SourceTitle "CBM 090"]
[Source "ChessBase"]
[SourceDate "2002.09.20"]
[SourceVersion "1"]
[SourceVersionDate "2002.09.20"]
[SourceQuality "1"]

1. e4 e5 2. Nf3 Nc6 3. Bc4 Bc5 4. c3 Nf6 5. d4 exd4 6. O-O d3 $6 {This move
has no good reputation among the theoreticians.} (6... O-O) (6... Nxe4) 7. b4
$142 (7. e5 {immediately is met by the standard counterstroke} d5 8. Bxd3 (8.
Bb3 Ne4 9. Qxd3 Be6 $13 {is a favourable Open Ruy Lopez structure for Black.})
8... Ne4 9. b4 Be7 (9... Bb6 10. b5 Ne7 11. Bxe4 dxe4 12. Qxd8+ Kxd8 13. Ng5
Ke8 14. Nxe4 Ng6 15. Re1 $14) 10. Qe2 O-O $5 (10... Bf5 11. b5 Na5 12. Nd4 Bg6
13. f4 $16 {Colindres-Loheac, Dubai 1986}) 11. Bxe4 (11. b5 Na5 12. Bxe4 dxe4
13. Qxe4 Be6) 11... dxe4 12. Qxe4 Be6 $44 {and Black has sufficient
counterplay for the sacrificed P in view of his strong ^^ and the weaknesses
in White's P structure.}) 7... Be7 (7... Bb6 $6 {is not so precise.} 8. a4 a6
9. e5 d5 10. Bxd3 Ne4 11. Qc2 Bf5 12. Ba3 {Here we see the difference, there
are nasty threats on the a3-f8 /^.} (12. Nbd2 Nxd2 13. Bxd2 Bxd3 14. Qxd3 Qd7
15. Rfe1 Nd8 16. Ng5 Ne6 17. b5 $14 {Demarre-Blanchaed, Paris 1988}) 12... Bg6
13. Nbd2 Nxd2 14. Qxd2 Be4 15. b5 axb5 16. Bxb5 $1 Bxf3 17. gxf3 {^^} Qd7 18.
Bb4 $16 {Estrin-Korelov, SU 1970}) 8. b5 $5 (8. e5 $142 {was the consistent
try grabbibg the |^ in the [+].} Ng4 9. Re1 (9. Bf4 d6 10. exd6 cxd6 (10...
Bxd6 11. Re1+ Ne7 12. Bxd6 Qxd6 13. Bxd3 $14) 11. Re1 (11. Bxd3 O-O 12. Re1 $14
{- 9.Re1}) 11... O-O 12. Bxd3 $14 {- 9.Re1} (12. Qxd3 Nge5 13. Bxe5 Nxe5 (13...
dxe5 14. b5) 14. Nxe5 dxe5 15. Rxe5 Qxd3 16. Bxd3 Bf6 {^^, >< c3} 17. Re3 Rd8
$44 {Reggiari-A.Bykhovsky, Reggio Emilia 1981})) 9... d6 10. exd6 cxd6 (10...
Qxd6 $5 11. Bxd3 Be6) 11. Bxd3 $14 {(Estrin-S.Bilyap, Varna 1969)} O-O 12. Bf4
$14 (12. Qc2 h6 13. Bf4 a5 {White has also problems with his P structure.} 14.
b5 Nce5 15. Nbd2 Nxd3 16. Qxd3 Ne5 17. Bxe5 dxe5 18. Nxe5 Bf6 {^^, >< c3} 19.
Qc2 Qc7 20. Ndf3 Re8 21. Rad1 Be6 $44 {Losev-Balashov, Moscow-ch 1996})) 8...
Na5 {The N is only temporarily bad on the edge of the board.} 9. Bxd3 d6 (9...
d5 $6 {opens up the position for the better developed party.} 10. exd5 (10. e5
Ne4) 10... Qxd5 (10... Nxd5 11. Re1 $36) 11. Re1 $14) 10. Nbd2 O-O 11. Nb3 (11.
Ba3 c6) 11... c6 12. bxc6 Nxc6 $13 {and the N is back again. The weakness of
d6 is fullz compensated by the cramped white <<.} 13. h3 Ne5 (13... Be6) 14.
Bc2 Qc7 15. Bd2 b6 16. Nfd4 Bb7 17. Re1 Rfe8 18. Nf5 Bf8 (18... d5 $6 {opens
up the b1-h7 /^ for the white B.} 19. exd5 Nxd5 20. Qh5 $1 {and suddenly White
has good attacking chances, for example:} Bf6 (20... Nf6 21. Nh6+ $1) 21. Nxg7
$1 $16) 19. Bg5 Nfd7 (19... Ned7 20. Qd4 Rac8 21. Re3) 20. Re3 g6 (20... Nc4
21. Rg3 $1) 21. Nh6+ Kg7 22. Rg3 (22. Ng4 $5) 22... f6 23. Bf4 Kh8 24. Nd4 Nc5
{both black knights are excellent now, White's attacking chances are rather
problematic.} 25. Qe2 Ba6 26. Qh5 (26. Qd1 Qd7 {- 26.Qh5}) 26... Qg7 (26...
gxh5 $4 27. Rg8#) 27. Qd1 Qd7 28. Ndf5 Bb7 29. Qd4 (29. f3 Ne6) 29... Rad8 30.
Re1 Qe6 (30... d5 31. exd5 Nf3+ {Black wins the exchange, but White's pressure
remains.} (31... Bxh6 32. Bxh6 $40) (31... Qxd5 $2 32. Bxe5 fxe5 (32... Rxe5
33. Rxe5 fxe5 34. Qh4 $18) 33. Qh4 $18) 32. Rxf3 (32. gxf3 Rxe1+ 33. Kg2 Bg7
34. Nxg7 Qxg7 35. Nf5 Qf7 36. Bg5 Rf8 37. Ne3 $44) 32... Rxe1+ 33. Kh2 Bg7 34.
Nxg7 (34. Nd6 Re7) 34... Qxg7 35. c4 Re2 36. Bd2 $44) 31. Qd1 d5 $1 {Black
takes over the |^ in the [+], his >> is well-defended now.} 32. Nd4 Qd7 33.
exd5 Bxd5 (33... Qxd5 $13) 34. Rge3 (34. a3 Nc4) 34... Bxa2 $1 {It is time for
grabbing material...} (34... Bg7 $13) 35. Ng4 Nxg4 36. hxg4 Rxe3 (36... Bg7 $17
{was also good and simple.}) 37. Rxe3 Bf7 (37... Ne6 $19 {was probably the
safest way for liquidation for a winning _|_.}) 38. Qe2 Re8 39. g5 Rxe3 (39...
Bg7 $17) 40. Qxe3 fxg5 41. Be5+ Bg7 42. Bxg7+ Kxg7 43. Qxg5 Ne6 (43... Kg8 $17)
44. Qe5+ Kg8 45. Qb8+ Qd8 $1 (45... Kg7 46. Qe5+ $11) 46. Qxa7 Nxd4 47. cxd4
Qxd4 {Black is a healthy P up in the _|_, the remote o^ is too strong.} 48.
Qa8+ Kg7 $19 49. Qb7 Qa1+ (49... Qc3 $1 {was the simplest way to push the b P
after} 50. Qe4 (50. Be4 Qe1+ 51. Kh2 Qxf2 $19) 50... b5 $19) 50. Kh2 Qe5+ (
50... Qb2 $1 {/\ b5 was again the best method.}) 51. g3 Qe6 (51... b5 $2 {
is now bad because of} 52. Bb3) (51... Qe2 $2 52. Bb3 Qxf2+ 53. Kh3 {is also
not recommended.}) 52. Be4 $17 {Now Black has problems advancing the o^.} Qd6
53. Kg2 Qc5 54. Bc6 Kf6 55. Qd7 Kg7 56. Qb7 Qd4 57. Bf3 g5 (57... h5 58. Kg1
Kf6 59. Qc6+ Be6) 58. Kg1 Qc5 (58... Kf6 59. Qc6+ Be6 60. Qe8 $17) 59. Bc6 Kf6
60. Qd7 Bg6 61. Qd8+ Kg7 62. Qd7+ Bf7 63. Qb7 Kf6 64. Qd7 h6 (64... h5 $5) 65.
Qd8+ Kg7 66. Qd7 Qc4 67. Qb7 Qc1+ 68. Kg2 Qc5 69. Kg1 Kg6 70. Qd7 h5 71. Be4+
Kf6 72. Bc6 Kg7 (72... h4 $5) 73. Qb7 h4 {Finally Black has created a second
o^.} 74. Kg2 Kf6 75. Qd7 h3+ $1 76. Kg1 Kg7 $6 (76... Be6 77. Qd8+ Kf5) (76...
g4 $5) 77. Bf3 $1 $15 b5 (77... h2+ 78. Kg2 h1=Q+ 79. Kxh1 Qxf2 80. Bh5 {
is drawish as well.}) 78. Qxh3 b4 79. Be4 b3 80. Qh7+ Kf8 81. Qh8+ Ke7 82. Qb2
Be6 83. Qg7+ Bf7 $2 (83... Kd8 $5) 84. Bg6 $11 Qc4 85. Bxf7 Qxf7 86. Qxg5+ {
In the Q _|_ the important factor is how far the o^ is pushed ahead, the
quantity of the pawns is not really counted.} Kd6 {[%mdl 4096]} 87. Qb5 (87. f4
$11 {is still a theoretical draw.}) 87... Qd5 88. Qb6+ Kd7 89. Kh2 (89. f4 $1)
89... Qc4 90. Qf6 Qc2 $1 {White has no perpetual checks, and his K may cause
problems for him. The best place for him is on g8!} 91. Qf7+ Kc6 92. Qe8+ Kc5
93. Qe3+ Kb4 94. Qd4+ Qc4 95. Qd2+ Qc3 96. Qd6+ Kc4 97. Qc6+ Kd3 98. Qg6+ $6 (
98. Qd5+ $11) 98... Kd2 99. Qh6+ Ke2 100. Qe6+ Kxf2 {Now the white K has lost
his shelter on the second rank.} 101. Qf5+ Ke2 102. Qe6+ Kd1 103. Qg4+ Kc1 104.
Kh3 b2 105. Qf4+ Kc2 106. Qf5+ Qd3 107. Qc5+ Kd1 108. Qg1+ Kc2 (108... Kd2 109.
Qg2+ Qe2 {is quicker!}) 109. Qf2+ Qd2 110. Qc5+ Kb3 111. Qb5+ Qb4 112. Qd3+ Ka2
113. Qd5+ Ka1 114. Qa8+ Kb1 115. Qh1+ Kc2 116. Qg2+ Kb3 117. Qf3+ Ka2 118. Qd5+
Ka3 119. Qd3+ Ka2 120. Qd5+ Ka1 121. Qa8+ Kb1 122. Qh1+ Kc2 {The K has no
hiding place on the <<.} 123. Qg2+ Qd2 124. Qc6+ Qc3 125. Qe4+ Qd3 126. Qc6+
Kd2 {Black finds the right square for his K, viz. g1!} 127. Qg2+ Qe2 128. Qd5+
Ke1 129. Qa5+ Kf1 130. Qf5+ Kg1 {Now the checks will be exhausted!} 131. Kh4
Qd1 132. Qc5+ Kg2 133. Qc6+ Kh2 134. Qc7 Qb1 $2 {The Q is extremely passive
here, both need to centralize the Q!} (134... b1=Q 135. g4+ Kg2 136. Qg3+ Kf1
137. Qf4+ Ke2 138. Qe5+ Kf3 139. Qg3+ Ke4 $19) 135. g4+ Kh1 136. Qc6+ Kg1 137.
Qc5+ Kf1 138. Qf8+ Kg2 139. Qa8+ {Why??} 0-1

[Event "Moscow Youth Games U14"]
[Site "Moscow"]
[Date "2002.06.19"]
[Round "2"]
[White "Nechepurenko, Roman V"]
[Black "Karjakin, Sergey"]
[Result "1/2-1/2"]
[WhiteElo "2117"]
[BlackElo "2489"]
[PlyCount "140"]
[EventDate "2002.06.18"]
[EventType "swiss"]
[EventRounds "7"]
[EventCountry "RUS"]
[SourceTitle "CBM 088 Extra"]
[Source "ChessBase"]
[SourceDate "2002.07.01"]
[SourceVersion "2"]
[SourceVersionDate "2002.07.01"]
[SourceQuality "1"]

1. d4 Nf6 2. c4 g6 3. Nc3 d5 4. Nf3 Bg7 5. Qb3 dxc4 6. Qxc4 O-O 7. Bf4 c6 8. e4
b5 9. Qd3 Qa5 10. Be2 Ba6 11. Qe3 b4 12. Nd1 Bxe2 13. Qxe2 Qa6 14. Bxb8 Qxe2+
15. Kxe2 Raxb8 16. e5 Nd5 17. Ne3 Nf4+ 18. Kd2 Rfd8 19. Rac1 Ne6 20. Rc4 c5 21.
d5 Nd4 22. Nxd4 cxd4 23. Rxd4 Bxe5 24. Re4 Bf6 25. Kc2 Rbc8+ 26. Kb1 a5 27. Rc1
Rxc1+ 28. Kxc1 Bg5 29. f4 Bf6 30. Kc2 Kf8 31. Rc4 Ke8 32. b3 h5 33. Re4 Rd6 34.
Kd3 Kd7 35. Kc4 e6 36. dxe6+ fxe6 37. Kb5 Rd2 38. Kxa5 Bc3 39. Kb5 Rxa2 40. Kc4
Rd2 41. h4 Kd6 42. g4 hxg4 43. Nxg4 Rc2 44. Kd3 Rg2 45. Ne3 Rh2 46. Nc4+ Ke7
47. Ne5 Rd2+ 48. Ke3 Rb2 49. Nc6+ Kf7 50. Nxb4 Rxb3 51. Nd3 Bf6 52. Rb4 Rxb4
53. Nxb4 Bxh4 54. Ke4 Be7 55. Nd3 Bd6 56. Nf2 Kf6 57. Ng4+ Ke7 58. Nf2 Kf8 59.
Ng4 Ke8 60. Nf2 Kd7 61. Nh3 Be7 62. Nf2 Bf6 63. Ng4 Bg7 64. Ne3 Bf6 65. Ng4 Bb2
66. Ne3 Ba1 67. Ng4 Kd6 68. Ne3 Kc5 69. Ng4 Kc4 70. Ne5+ Bxe5 1/2-1/2

[Event "Moscow Youth Games U14"]
[Site "Moscow"]
[Date "2002.06.20"]
[Round "3"]
[White "Karjakin, Sergey"]
[Black "Pokazanjev, Nikolai"]
[Result "1-0"]
[WhiteElo "2489"]
[BlackElo "2232"]
[PlyCount "55"]
[EventDate "2002.06.18"]
[EventType "swiss"]
[EventRounds "7"]
[EventCountry "RUS"]
[SourceTitle "CBM 088 Extra"]
[Source "ChessBase"]
[SourceDate "2002.07.01"]
[SourceVersion "2"]
[SourceVersionDate "2002.07.01"]
[SourceQuality "1"]

1. e4 e5 2. Nf3 Nc6 3. Bb5 a6 4. Ba4 Nf6 5. O-O Be7 6. Re1 b5 7. Bb3 O-O 8. a4
Bb7 9. d3 d6 10. Nbd2 Na5 11. Ba2 c5 12. Nf1 b4 13. Ne3 Bc8 14. c3 Be6 15. Bxe6
fxe6 16. cxb4 cxb4 17. Bd2 Rb8 18. Rc1 Qd7 19. Nc4 Nc6 20. h3 Ne8 21. Be3 Bf6
22. Nb6 Qb7 23. Qb3 Nc7 24. Nd7 Na5 25. Qc2 Nd5 26. Nxf8 Nxe3 27. fxe3 Rxf8 28.
Qc7 1-0

[Event "Moscow Youth Games U14"]
[Site "Moscow"]
[Date "2002.06.21"]
[Round "4"]
[White "Mamedov, Rauf"]
[Black "Karjakin, Sergey"]
[Result "0-1"]
[WhiteElo "2358"]
[BlackElo "2489"]
[PlyCount "72"]
[EventDate "2002.06.18"]
[EventType "swiss"]
[EventRounds "7"]
[EventCountry "RUS"]
[SourceTitle "CBM 088 Extra"]
[Source "ChessBase"]
[SourceDate "2002.07.01"]
[SourceVersion "2"]
[SourceVersionDate "2002.07.01"]
[SourceQuality "1"]

1. e4 e5 2. Nf3 Nc6 3. d4 exd4 4. Nxd4 Nf6 5. Nc3 Bb4 6. Nxc6 bxc6 7. Bd3 O-O
8. O-O d5 9. exd5 cxd5 10. Bg5 c6 11. Na4 h6 12. Bh4 Re8 13. c3 Bd6 14. b4 a5
15. a3 Ba6 16. Bxa6 Rxa6 17. Qd3 Ra8 18. Qf3 g5 19. Bg3 Ne4 20. Rfd1 Bf8 21.
Nc5 Bxc5 22. bxc5 Qe7 23. c4 dxc4 24. Bd6 Qe6 25. h3 Rad8 26. Re1 c3 27. Qh5
Qf6 28. Bc7 Qxf2+ 29. Kh2 Rd2 30. Rg1 Rd7 31. Rgf1 Qxc5 32. Rxf7 Rxf7 33. Qg6+
Kf8 34. Re1 Rf6 35. Qh7 Qd5 36. Qh8+ Qg8 0-1

[Event "Sudak"]
[Site "Sudak"]
[Date "2002.08.07"]
[Round "8"]
[White "Kagramanianz, Vartan"]
[Black "Karjakin, Sergey"]
[Result "0-1"]
[WhiteElo "2305"]
[BlackElo "2523"]
[PlyCount "78"]
[EventDate "2002.08.02"]
[EventType "tourn"]
[EventRounds "13"]
[EventCountry "UKR"]
[EventCategory "7"]
[SourceTitle "CBM 089 Extra"]
[Source "ChessBase"]
[SourceDate "2002.09.10"]
[SourceVersion "2"]
[SourceVersionDate "2002.09.10"]
[SourceQuality "1"]

1. Nf3 Nf6 2. d4 g6 3. e3 Bg7 4. Be2 O-O 5. O-O d6 6. b3 Nbd7 7. Bb2 e5 8. dxe5
Ng4 9. Nbd2 Ndxe5 10. Qc1 Re8 11. h3 Nxf3+ 12. Nxf3 Ne5 13. Rd1 Qf6 14. Nxe5
dxe5 15. Bb5 c6 16. Bf1 Bf5 17. Bc3 Qg5 18. Kh2 Qh4 19. g3 Qh5 20. Rd2 Rad8 21.
Bg2 Be6 22. Qe1 Rxd2 23. Qxd2 Bf6 24. Qd1 Qh6 25. Qe1 Bg4 26. Bb2 Rd8 27. Rc1
Qh5 28. c4 Kg7 29. Rc2 Rd1 30. Qc3 g5 31. Rd2 Rxd2 32. Qxd2 Bxh3 33. Bxh3 g4
34. Qe2 Qxh3+ 35. Kg1 Qh5 36. Bc1 Qf5 37. Kg2 Qe4+ 38. Kg1 h5 39. Qb2 Kg6 0-1

[Event "World ol U16"]
[Site "Kuala Lumpur"]
[Date "2002.08.20"]
[Round "1"]
[White "Karjakin, Sergey"]
[Black "Bairamov, Pena"]
[Result "1-0"]
[WhiteElo "2523"]
[BlackElo "2043"]
[PlyCount "116"]
[EventDate "2002.08.20"]
[EventType "team"]
[EventRounds "10"]
[EventCountry "MAS"]
[SourceTitle "CBM 089 Extra"]
[Source "ChessBase"]
[SourceDate "2002.09.10"]
[SourceVersion "2"]
[SourceVersionDate "2002.09.10"]
[SourceQuality "1"]

1. e4 c6 2. d4 d5 3. Nc3 dxe4 4. Nxe4 Nf6 5. Nxf6+ gxf6 6. c3 Qc7 7. Qh5 e6 8.
Bc4 b5 9. Bd3 b4 10. Nf3 Ba6 11. c4 Nd7 12. O-O Nb6 13. b3 O-O-O 14. a3 Bb7 15.
axb4 Bxb4 16. Rxa7 Kb8 17. Ra2 c5 18. d5 Nxd5 19. cxd5 Rxd5 20. Qh4 Rxd3 21.
Bf4 e5 22. Qxf6 exf4 23. Qxh8+ Qd8 24. Qe5+ Qd6 25. Qe8+ Qd8 26. Qxd8+ Rxd8 27.
Ne5 f6 28. Nc4 f3 29. g3 Rd3 30. Rb2 Be4 31. h4 Rd4 32. Rd2 Rd3 33. Rc1 Bb7 34.
Rb2 Rd4 35. Ra2 Rd3 36. Nb6 Kc7 37. Na4 Kd6 38. Rac2 Rd5 39. Rc4 f5 40. R4c2 h5
41. Nb2 Ke6 42. Ra1 f4 43. gxf4 Kf5 44. Nc4 Kxf4 45. Kh2 Rd4 46. Ra7 Bd5 47.
Rh7 Kf5 48. Rxh5+ Kg6 49. Rg5+ Kf6 50. Kg3 Rd3 51. Ra2 Bc3 52. Ra6+ Be6 53.
Rxc5 Ke7 54. Rc7+ Bd7 55. Raa7 Bf6 56. h5 Kd8 57. Rxd7+ Rxd7 58. Rxd7+ Kxd7 1-0

[Event "World ol U16"]
[Site "Kuala Lumpur"]
[Date "2002.08.22"]
[Round "5"]
[White "Karjakin, Sergey"]
[Black "Barnaure, Vlad Victor"]
[Result "1/2-1/2"]
[WhiteElo "2523"]
[BlackElo "2234"]
[PlyCount "68"]
[EventDate "2002.08.20"]
[EventType "team"]
[EventRounds "10"]
[EventCountry "MAS"]
[SourceTitle "CBM 089 Extra"]
[Source "ChessBase"]
[SourceDate "2002.09.10"]
[SourceVersion "2"]
[SourceVersionDate "2002.09.10"]
[SourceQuality "1"]

1. e4 c5 2. Nf3 d6 3. d4 Nf6 4. Nc3 cxd4 5. Nxd4 a6 6. Be2 e5 7. Nb3 Be7 8. Be3
Be6 9. Nd5 Nxd5 10. exd5 Bf5 11. O-O O-O 12. Qd2 Nd7 13. Na5 Qc7 14. c4 Bf6 15.
Rac1 b6 16. Nc6 a5 17. Kh1 Nc5 18. f4 exf4 19. Rxf4 Bg6 20. Rcf1 Bg5 21. R4f3
Bxe3 22. Rxe3 Rfe8 23. Re1 Be4 24. Bf3 f5 25. h3 Qd7 26. b3 Qf7 27. Qe2 Kf8 28.
a3 Bxf3 29. Qxf3 Rxe3 30. Rxe3 Re8 31. Rxe8+ Kxe8 32. b4 axb4 33. axb4 Ne4 34.
Qa3 Qf6 1/2-1/2

[Event "World ol U16"]
[Site "Kuala Lumpur"]
[Date "2002.08.25"]
[Round "6"]
[White "Zhao, Jun"]
[Black "Karjakin, Sergey"]
[Result "1/2-1/2"]
[WhiteElo "2363"]
[BlackElo "2523"]
[PlyCount "74"]
[EventDate "2002.08.20"]
[EventType "team"]
[EventRounds "10"]
[EventCountry "MAS"]
[SourceTitle "CBM 089 Extra"]
[Source "ChessBase"]
[SourceDate "2002.09.10"]
[SourceVersion "2"]
[SourceVersionDate "2002.09.10"]
[SourceQuality "1"]

1. e4 e5 2. Nf3 Nc6 3. Bb5 a6 4. Ba4 Nf6 5. d3 b5 6. Bb3 Bc5 7. O-O d6 8. c3
O-O 9. Bg5 h6 10. Bh4 Bb6 11. a4 Rb8 12. axb5 axb5 13. Na3 b4 14. Nc4 bxc3 15.
bxc3 Be6 16. Ba4 Na5 17. Nxb6 Rxb6 18. h3 Qe7 19. Bc2 Nc6 20. d4 Bc4 21. Re1
Ba6 22. Nh2 g5 23. Bg3 Rfb8 24. f3 Bc4 25. Bf2 Rb2 26. Nf1 Bxf1 27. Kxf1 Nd7
28. Rb1 Rxb1 29. Bxb1 Nd8 30. Bc2 Ne6 31. Ba4 Nf4 32. Qc2 Kg7 33. Rb1 Rxb1+ 34.
Qxb1 Nf8 35. Qb5 N8g6 36. Qd7 Qxd7 37. Bxd7 Kf6 1/2-1/2

[Event "World ol U16"]
[Site "Kuala Lumpur"]
[Date "2002.08.25"]
[Round "7"]
[White "Karjakin, Sergey"]
[Black "Sengupta, Deep"]
[Result "1-0"]
[WhiteElo "2523"]
[BlackElo "2288"]
[PlyCount "141"]
[EventDate "2002.08.20"]
[EventType "team"]
[EventRounds "10"]
[EventCountry "MAS"]
[SourceTitle "CBM 089 Extra"]
[Source "ChessBase"]
[SourceDate "2002.09.10"]
[SourceVersion "2"]
[SourceVersionDate "2002.09.10"]
[SourceQuality "1"]

1. e4 e6 2. d4 d5 3. Nc3 Bb4 4. e5 c5 5. a3 Bxc3+ 6. bxc3 Qc7 7. Qg4 f5 8. Qg3
Nc6 9. Nf3 b6 10. Rb1 c4 11. h4 Bb7 12. Ng5 Nd8 13. Nxh7 Qe7 14. Be2 Bc6 15.
Kd1 Kd7 16. Ng5 Kc7 17. Nh3 Be8 18. Bg5 Qd7 19. Kd2 Nh6 20. Nf4 Nc6 21. Rh3 Rb8
22. Bxh6 Rxh6 23. Qg5 b5 24. Bh5 Bxh5 25. Nxh5 Rh7 26. Nf4 a5 27. Ne2 Rb7 28.
h5 Rh6 29. f3 Kb8 30. g4 fxg4 31. fxg4 Qf7 32. Rhh1 Qf8 33. Rhf1 Qe8 34. Rf3
Rh8 35. Qh4 Rf8 36. Rbf1 Rxf3 37. Rxf3 b4 38. axb4 axb4 39. cxb4 Nxb4 40. Nc3
Nc6 41. Qf2 Qe7 42. Rf8+ Nd8 43. Rg8 Ka7 44. Qf4 Nc6 45. Rc8 Nd8 46. Qe3 Qd7
47. Rc5 Kb8 48. Ra5 Nc6 49. Ra1 Qd8 50. Qf4 Qe8 51. Rf1 Ka7 52. Ne2 Qe7 53. Qe3
Kb8 54. Ra1 Qh4 55. Qa3 Qg5+ 56. Kd1 Nb4 57. Qa8+ Kc7 58. Ra7 Rxa7 59. Qxa7+
Kc8 60. Qc5+ Kd7 61. Qd6+ Ke8 62. Qxe6+ Kf8 63. Qd6+ Qe7 64. Qxe7+ Kxe7 65. Kd2
Kf7 66. Nf4 Nc6 67. c3 Ne7 68. Ke3 Kg8 69. Ng6 Nc8 70. Kf4 Kh7 71. e6 1-0

[Event "World ol U16"]
[Site "Kuala Lumpur"]
[Date "2002.08.26"]
[Round "8"]
[White "Purnama, Tirta Chandra"]
[Black "Karjakin, Sergey"]
[Result "1-0"]
[WhiteElo "2192"]
[BlackElo "2523"]
[PlyCount "91"]
[EventDate "2002.08.20"]
[EventType "team"]
[EventRounds "10"]
[EventCountry "MAS"]
[SourceTitle "CBM 089 Extra"]
[Source "ChessBase"]
[SourceDate "2002.09.10"]
[SourceVersion "2"]
[SourceVersionDate "2002.09.10"]
[SourceQuality "1"]

1. d4 Nf6 2. c4 g6 3. Nf3 Bg7 4. g3 d5 5. Bg2 dxc4 6. O-O O-O 7. Na3 c3 8. bxc3
c5 9. e3 Nc6 10. Rb1 Nd5 11. Bd2 cxd4 12. cxd4 Nb6 13. Qc2 Be6 14. Rbc1 h6 15.
Rfd1 Qd7 16. e4 Bg4 17. Be3 Rac8 18. Qd2 Kh7 19. d5 Bxf3 20. Bxf3 Ne5 21. Be2
Qa4 22. Bxb6 axb6 23. Qe3 Rc5 24. Rxc5 bxc5 25. f4 Nd7 26. e5 Ra8 27. Nb5 Qxa2
28. d6 exd6 29. Nxd6 Nb6 30. Bf3 Ra3 31. Qe2 Qb3 32. Be4 Ra2 33. Qf3 Qxf3 34.
Bxf3 Kg8 35. Rb1 c4 36. Rxb6 Ra1+ 37. Kg2 c3 38. Be4 c2 39. Bxc2 Ra2 40. Rxb7
Rxc2+ 41. Kh3 f5 42. e6 g5 43. Nxf5 Bf6 44. Nxh6+ Kh8 45. fxg5 Bxg5 46. Nf7+
1-0